000 01050cam a2200265 4500
001 ABS68009
008 040716n2004 000 0 eng u
035 _a(Sirsi) u126812
100 _aKivlehan, N.
245 _aFocus 2: automotive property
260 _c2004
490 _aEstates Gazette
_v(0428) 10 July 2004, 103-113(7)
520 _aSpecial report containing two articles. "Dealers in rate to overtake their rivals" discusses how consolidation among motor dealerships has led to larger groups requiring bigger premises. Highlights the shortage of the right land and the right price. Lists recent consolidations and the larger dealerships. "Funds in pole position" looks at opportunities for investors wishing to invest in the industry.
590 _aABS
590 _aABS
650 _aCAR DEALERSHIPS
650 _aAUTOMOTIVE INDUSTRY
650 _aINVESTMENT
650 _aPRIME LOCATIONS
650 _aMERGERS
650 _aCOMPETITION
690 _aCOMMERCIAL PROPERTY-MARKET
700 _aHarris, D.
942 _n0
999 _c117719
_d117719